Akcionári "starej véesžetky"a

Bibliographic Details
Main Author: (van) (Author)
Corporate Author: Východoslovenské železiarne Holding (Košice, Slovensko) (Author)
Format: Article
Language:Slovak
Serbian
Subjects:

MARC

LEADER 00000nab a2200000 a 4500
001 vtls000929968
003 SK-MaSNL
005 20260303033204.0
008 040720e20010124xo 0 slo
035 |a KE38845 
040 |a KEVKJB  |b slo  |c KEVKJB  |e AACR2 
041 1 |h scc 
044 |a xo  |c SK 
080 |a 06.042  |2 1981 
080 |a 339.727.22  |2 1981 
080 |a 669.1  |2 1981 
100 0 |a (van)  |4 aut  |9 880713 
245 1 0 |a Akcionári "starej véesžetky"a 
610 2 7 |a Východoslovenské železiarne Holding (Košice, Slovensko)  |2 KEVKJB  |9 29927 
650 0 7 |a akcie  |2 KEVKJB  |9 28904 
650 0 7 |a valné zhromaždenia  |2 KEVKJB  |9 49799 
650 0 7 |a informácie  |2 KEVKJB  |9 1285 
651 7 |a Košice (Slovensko)  |2 KEVKJB  |9 18694 
651 7 |a KE,  |2 KEVKJB  |9 877256 
655 7 |a periodikum  |2 snkbucl  |9 29553 
710 2 |a Východoslovenské železiarne Holding (Košice, Slovensko)  |4 aut  |9 29927 
773 0 8 |t Nový Čas  |g Roč. 11, č.19, 24.1.2001, s. 22 
852 |a ZVYKNI  |b KIS3GCP 
999 |c 1668950  |d 1670880